000
00328nam a2200145Ia 4500
008
150201s2010 xx 000 0 und d
082
_a
615.1
_b
P10B
100
_a
BHANDARI,A
245
_a
PHARMACEUTICAL CHEMISTRY
250
_a
1ST
260
_b
CBS
_a
DELHI
_c
2010
300
_a
1-148
650
_a
PHARMACOLOGY
942
_2
ddc
_c
BK
999
_c
422
_d
422